Ohodnocovanie finančných nástrojov v podmienkach nestability finančných trhov diplomová práca

Guardado en:
Detalles Bibliográficos
Autor principal: Slaminková, Katarína
Autor Corporativo: Fakulta podnikového manažmentu EU. Katedra podnikových financií
Otros Autores: Markovič, Peter, 1974-
Formato: Libro
Lenguaje:eslovaco
Publicado: Bratislava 2011
Etiquetas: Agregar Etiqueta
Sin Etiquetas, Sea el primero en etiquetar este registro!

MARC

LEADER 00000nbm a2200000 4500
001 0131291
005 20161109101655.0
041 0 |a slo 
044 |a SK 
245 1 0 |a Ohodnocovanie finančných nástrojov v podmienkach nestability finančných trhov  |b diplomová práca  |c Katarína Slaminková ; školiteľ: Peter Markovič 
264 1 |a Bratislava  |c 2011 
300 |a 92 s. 
100 1 |a Slaminková, Katarína 
700 1 |a Markovič, Peter, 1974- 
710 2 |a Fakulta podnikového manažmentu EU. Katedra podnikových financií